000 00707nam a2200289Ia 4500
005 20260324141434.0
008 008 260324s9999 xx 000 0 eng d
020 _a9781315702056
037 _aEBOOK
040 _aCRL
040 _beng
040 _cCRL
041 _2eng
041 _aeng
084 _qCRL
100 _aD.M. Roskies; D.M. Roskies
_91208192
245 0 _aBlack Clouds Over the Isle of Gods
245 4 _bAnd Other Modern Indonesian Short Stories
260 _bTaylor and Francis
260 _c1997
365 _a
365 _b265
856 _uhttp://www.taylorfrancis.com/books/9781315702056
942 _cEBOOK
999 _c1811291
_d1811291